| 000 | 00471nam a22001817a 4500 | ||
|---|---|---|---|
| 003 | CEME | ||
| 005 | 20210628204033.0 | ||
| 008 | 210113b xxu||||| |||| 00| 0 eng d | ||
| 020 | _a9789695680889 | ||
| 040 | _cceme | ||
| 082 | _a891.439 MAN | ||
| 100 |
_aShamim Hanfi , Minto, Sadaat Hassan _968372 |
||
| 245 | _aManto haqeeqat say afsanay tak | ||
| 260 |
_aKARACHI _bSCHEHERZADE _c2012 |
||
| 300 | _a395P | ||
| 650 |
_aURDU ADAB-AFSANAY. _958964 |
||
| 942 |
_cBK _2ddc |
||
| 999 |
_c575968 _d575968 |
||